Arytmie v otázkách a odpovědích : všechno, co chcete a potřebujete vědět o srdečním rytmu /

Hlavní autor: Kautzner, Josef, 1957-
Jazyk: Čeština
Vydáno: V Praze : Mladá fronta, 2024
Vydání: 1. vydání
Témata:
Fyzický popis: 117 stran : ilustrace (některé barevné) ; 21 cm
Knihy
Uloženo v:
LEADER 01858nam a2200505 i 4500
001 nkc20243587114
003 CZ PrNK
005 20240305142220.0
007 ta
008 240205s2024 xr a e f 000 0 cze
015 |a cnb003587114 
020 |a 978-80-204-6264-0  |q (brožováno) :  |c Kč 299,00 
035 |a (OCoLC)1429250347 
040 |a OLA001  |b cze  |e rda 
072 7 |a 616  |x Patologie. Klinická medicína  |2 Konspekt  |9 14 
080 |a 616.12-008.318  |2 MRF 
080 |a 616.12-008.31  |2 MRF 
080 |a 616-07  |2 MRF 
080 |a 616-08  |2 MRF 
080 |a (035)  |2 MRF 
100 1 |a Kautzner, Josef,  |d 1957-  |7 xx0037112  |4 aut 
245 1 0 |a Arytmie v otázkách a odpovědích :  |b všechno, co chcete a potřebujete vědět o srdečním rytmu /  |c Josef Kautzner 
250 |a 1. vydání 
264 1 |a V Praze :  |b Mladá fronta,  |c 2024 
300 |a 117 stran :  |b ilustrace (některé barevné) ;  |c 21 cm 
336 |a text  |b txt  |2 rdacontent 
337 |a bez média  |b n  |2 rdamedia 
338 |a svazek  |b nc  |2 rdacarrier 
650 0 7 |a srdeční arytmie  |7 ph126000  |2 czenas 
650 0 7 |a poruchy srdečního rytmu  |7 ph841564  |2 czenas 
650 0 7 |a diagnostika (lékařství)  |7 ph114312  |2 czenas 
650 0 7 |a terapie  |7 ph116435  |2 czenas 
650 0 9 |a cardiac arrhythmia  |2 eczenas 
650 0 9 |a heart rate disorders  |2 eczenas 
650 0 9 |a medical diagnostics  |2 eczenas 
650 0 9 |a therapy  |2 eczenas 
655 7 |a příručky  |7 fd133209  |2 czenas 
655 9 |a handbooks and manuals  |2 eczenas 
910 2 |a BOA001  |b 2-1520.336 
928 9 |a Albatros Media - Mladá fronta 
990 |a BK 
995 |a 01 
991 |b 202402  |c NOV 
996 6 |b 2610961186  |c 2-1520.336  |l MZK  |r Sklad / do 1 hodiny  |n 1  |p p.v.  |w 001953440  |u 000010  |a 1  |e BOA001  |j MZK50  |s P 
996 7 |b 2610962272  |c 2-1520.336  |l Vol.výběr  |r VV 1p  |n 5  |p kup  |h 616.1 KAU  |w 001953440  |u 000020  |a 0  |e BOA001  |j MZK50  |s A